La Descripción: La Personalidad - Statistics

General Stats
  • This quiz has been taken 586 times
  • The average score is 8 of 15
Answer Stats
Hint Answer % Correct
good bueno
97%
bad malo
91%
intelligent inteligente
81%
athletic atlético
72%
interesting interesante
72%
boring aburrido
64%
amusing/fun divertido
50%
nice simpático
46%
shy tímido
46%
lazy perezoso
41%
hardworking trabajador
37%
foolish tonto
33%
funny cómico
26%
mean antipático
17%
out-going extrovertido
12%
No matching quizzes found
Score Distribution
Percent of People with Each Score
Percentile by Number Answered
Your Score History
You have not taken this quiz